|
|
|
|
| LEADER |
01190nam a2200241 a 4500 |
| 001 |
00021493 |
| 008 |
101206s2007 ii b 000 0 eng |
| 040 |
|
|
|a BD-DhAAL
|c BD-DhAAL
|
| 082 |
0 |
0 |
|a 347.73/0954
|2 22
|
| 100 |
1 |
|
|a Gupta, Sant Prasad.
|9 59237
|
| 245 |
1 |
0 |
|a Moot court :
|b pre-trail preparation and participation in trial proceedings /
|c Sant Prasad Gupta.
|
| 250 |
|
|
|a Second edition.
|
| 260 |
|
|
|a Allahabad :
|b Central Law Agency ,
|c 2007.
|
| 300 |
|
|
|a xxiv, 387 p. :
|c 25 cm.
|
| 504 |
|
|
|a Includes bibliographical references
|
| 541 |
1 |
|
|e 00021493
|
| 650 |
|
0 |
|a Moot Courts
|9 15520
|
| 650 |
|
0 |
|a Trial practice
|z India
|9 59238
|
| 852 |
4 |
|
|a Ayesha Abed Library
|j General Shelf.
|
| 942 |
|
|
|2 ddc
|c BK
|
| 999 |
|
|
|c 10159
|d 10159
|
| 952 |
|
|
|0 0
|1 0
|2 ddc
|4 0
|6 347_730954000000000_GUP
|7 0
|9 13495
|a BRACUL
|b BRACUL
|c GEN
|d 2010-12-07
|e Karim International
|g 310.00
|l 15
|m 163
|o 347.730954 GUP
|p 3010021493
|r 2026-04-30
|s 2026-02-05
|t 1
|w 2010-12-07
|y BK
|x Previously missing book recovered on 03 September 2025
|
| 952 |
|
|
|0 0
|1 4
|2 ddc
|4 0
|6 347_730954000000000_GUP
|7 0
|9 13496
|a BRACUL
|b BRACUL
|c GEN
|d 2010-12-07
|e Karim International
|g 310.00
|l 0
|o 347.730954 GUP
|p 3010021494
|r 2010-12-07
|t 2
|w 2010-12-07
|y BK
|x Koha Inventory 2020
|